00375 2200157 4500001002100000005001500021035002000036245003400056100001700090300002600107260002800133082000800161084001400169020002200183990001200205INLIS00000000000298120250918070726 a0010-09250003281 aOrigami Cinta /cPutu Deriska0 aPutu Deriska a280 hlm ;c13 x 19 cm aJakarta :bZettu,c2014 a813 a813 PUT o a978-602-7999-98-5 a0755652